| 000 | 00356nam a2200145Ia 4500 | ||
|---|---|---|---|
| 008 | 191201s2013 xx 000 0 und d | ||
| 082 |
_a332.6 _bBHI |
||
| 100 | _aBHALLA,V K | ||
| 245 | 0 | _aInvestment Management Security Analysis | |
| 250 | _a19ed. | ||
| 260 |
_aN. Delhi _bS Chand and Co. Ltd. _c2013 |
||
| 300 | _a1420 | ||
| 650 | _aBBA | ||
| 942 |
_2ddc _cBK |
||
| 999 |
_c5719 _d5719 |
||